000 00798nas a2200229 4500
001 BR7802877
003 BR-BrBNA
005 20231205083424.0
007 ta
008 230509b bl.|||p| |||| 00| 00por d
040 _aBR-BrBNA
_bpor
_cBiblioteca Nacional de Agricultura
041 _a(Pt)
072 _aE70
110 1 _aEmpresa de Pesquisa Agropecuaria de Minas Gerais, Belo Horizonte (Brasil)
245 1 _aIndice geral de precos pagos e recebidos pela agricultura mineira [Brasil]
650 _aPRECO PAGO
650 _aPRECO RECEBIDO
650 _aMINAS GERAIS
773 0 _tInforme Agropecuario - Empresa de Pesquisa Agropecuaria de Minas Gerais (Brazil)
_xISSN 0100-3364
_g(Jan 1977), v. 3(25) p. 81-85
_wBR7802877
909 _a202311
_bLúcia
_c55
_dLúcia Elande
942 _2AGRIS
_n0
_cANA
999 _c98645
_d98645